000 00780nam a2200253Ia 4500
003 OSt
005 20220925231627.0
006 a|||||r|||| 00| 0
007 ta
008 220923b |||||||| |||| 00| 0 eng d
020 _a0719036054
037 _cGeneral Book
040 _aRTL
_cRTL
_beng
041 _2eng
_aeng
082 _aY15:3(O):g(S5), N3
100 _aStill Judith Ed.
_942668
245 0 _aTextuality and sexuality
_b Reading theories and practices
260 _aManchester
_bManchester University
_c1993
300 _avi, 242p
_ccm.
650 _aWomen and Literature
_9295809
700 _a Worton Michael Ed.
_942667
942 _hY15:3(O):g(S5), N3
_cGB
_2CC
999 _c588991
_d588991